Ч. 3 : Кремнистые породы; Атлас текстур и структур осадочных горных пород

Detaylı Bibliyografya
Parent link:Атлас текстур и структур осадочных горных пород/ Всесоюзный научно-исследовательский геологический институт (ВСЕГЕИ) министерства геологии СССР. Ч. 3 : Кремнистые породы.— , 1962-1973
Diğer Yazarlar: Дмитриева Е. В. (составитель), Либрович В. Л. (редактор), Некрасова О. И., Петровский А. Д., Жамойда А. И., Хабаков А. В.
Dil:Rusça
Baskı/Yayın Bilgisi: 1973
Konular:
Materyal Türü: Kitap
KOHA link:https://koha.lib.tpu.ru/cgi-bin/koha/opac-detail.pl?biblionumber=87898

MARC

LEADER 00000nam2a2200000 4500
001 87898
005 20231101213552.0
035 |a (RuTPU)RU\TPU\book\94375 
090 |a 87898 
100 |a 20051219d1973 k y0rusy50 ca 
101 0 |a rus 
102 |a RU 
105 |a a z 001zy 
200 0 |a Ч. 3 : Кремнистые породы  |f сост. Е. В. Дмитриева, В. Л. Либрович, О. И. Некрасова, А. Д. Петровский; науч. ред. А. И. Жамойда, А. В. Хабаков 
210 |d 1973 
215 |a 339 с.  |c ил. 
320 |a Библиогр.: с. 68-77. 
320 |a Словарь терминов: с. 78-85. 
320 |a Предметный указатель: с. 336-339. 
461 1 |0 (RuTPU)RU\TPU\book\94374  |t Атлас текстур и структур осадочных горных пород  |f Всесоюзный научно-исследовательский геологический институт (ВСЕГЕИ) министерства геологии СССР  |v Ч. 3 : Кремнистые породы  |d 1962-1973 
606 |a Горные породы  |x Структура  |2 stltpush  |3 (RuTPU)RU\TPU\subj\8067  |9 35559 
606 |a Горные породы, кремнистые  |2 stltpush  |3 (RuTPU)RU\TPU\subj\8121  |9 35607 
610 1 |a геология 
610 1 |a осадочные породы 
610 1 |a структура 
610 1 |a текстура 
610 1 |a кремнистые породы 
610 1 |a атласы 
675 |a 552.122(084)  |v 3 
675 |a 552.55(084)  |v 3 
702 1 |a Дмитриева  |b Е. В.  |4 220 
702 1 |a Либрович  |b В. Л.  |4 220 
702 1 |a Некрасова  |b О. И.  |4 220 
702 1 |a Петровский  |b А. Д.  |4 220 
702 1 |a Жамойда  |b А. И.  |4 340 
702 1 |a Хабаков  |b А. В.  |4 340 
801 1 |a RU  |b 63413507  |c 20051219  |g PSBO 
801 2 |a RU  |b 63413507  |c 20180219  |g PSBO 
942 |c BK